Trouvez l'acteur ou l'actrice...7 - Statistiques

Statistiques générales
  • Ce quiz a été pris 108 fois
  • Le résultat moyen est 8 sur 15
Statistiques - réponses
Films / Séries Acteurs / Actrices % Correct
Le bon, la brute et le truand - Sur la route de Madison - Pour une poignée de dollars Clint Eastwood
72%
La vache et le prisonnier - La cuisine au beurre - Le petit monde de Don Camillo Fernandel
70%
Un éléphant ça trompe énormément - La boum - Camping Claude Brasseur
67%
Disco - Incognito - Boule & Bill Franck Dubosc
67%
De l'eau pour les éléphants - Twilight, chapitre I: fascination - Harry Potter et la coupe de feu Robert Pattinson
54%
Rencontre avec Joe Black - Dracula - Le silence des agneaux Anthony Hopkins
52%
Le cave se rebiffe - Les tontons flingueurs - Buffet froid Bernard Blier
52%
Le Père Noël est une ordure - Péril en la demeure - Le grand chemin Anémone
47%
X-Men - Catwoman - Meurs un autre jour Halle Berry
47%
Meilleur espoir féminin - OSS 117: Le Caire, nid d'espions - Le jeu Bérénice Béjo
46%
Violette Nozière - Madame Bovary - La pianiste Isabelle Huppert
43%
Conan le Barbare - Running man - Total Recall Arnold Schwarzenegger
38%
Mary Poppins - La mélodie du bonheur - Princesse malgré elle Julie Andrews
38%
Friends - Mon voisin le tueur - A la Maison Blanche Matthew Perry
30%
Le pacte des loups - Doberman - Astérix et Obélix: mission Cléopâtre Monica Bellucci
29%
Aucun quiz correspondant
Distribution des résultats
% des personnes avec chaque résultat
Percentile par nombre de réponses
Votre historique - résultats
Vous n’avez pas pris ce quiz